Algorithms + data structures=programs /
Guardado en:
| Autor Principal: | |
|---|---|
| Formato: | Libro |
| Idioma: | English |
| Publicado: |
Englewood Cliffs, N.J. :
Prentice-Hall,
c1976.
|
| Series: | Prentice-Hall series in automatic computation.
|
| Materias: | |
| Etiquetas: |
Agregar Etiqueta
Sin Etiquetas, Sea el primero en etiquetar este registro!
|
| LEADER | 00824cam a2200241 a 4500 | ||
|---|---|---|---|
| 001 | MAT.inmabb005918 | ||
| 008 | 750401s1976####njua#####b####001#0#eng## | ||
| 005 | 20130404104058.0 | ||
| 245 | 1 | 0 | |a Algorithms + data structures=programs / |c Niklaus Wirth. |
| 260 | |a Englewood Cliffs, N.J. : |b Prentice-Hall, |c c1976. | ||
| 300 | |a xvii, 366 p. : |b il. ; |c 24 cm. | ||
| 490 | 0 | |a Prentice-Hall series in automatic computation. | |
| 504 | |a Incluye referencias bibliográficas e índices. | ||
| 510 | 4 | |a MR, |c 55 #13850 | |
| 020 | |a 0130224189 | ||
| 100 | 1 | |a Wirth, Niklaus, |d 1934- | |
| 650 | 0 | |a Computer programming. | |
| 650 | 0 | |a Data structures (Computer science) | |
| 650 | 0 | |a Computer algorithms. | |
| 084 | |a 68-01 (68P05 68Nxx) |2 msc2000 | ||
| 010 | |a 75011599 | ||
| 040 | |a DLC |c DLC |d DLC | ||
| 859 | |h 68 |i W799 |p A-4678 |b BIB. MATEMATICA | ||
